LEADER 01668cam0-22005171i-450 001 990000067390403321 005 20220225121537.0 035 $a000006739 035 $aFED01000006739 035 $a(Aleph)000006739FED01 100 $a20020821d1987----km-y0itay50------ba 101 0 $aita 102 $aIT 105 $aa---a---001yy 200 1 $aArchitettura: ragioni della teoria e percorsi del progetto$enote per la prima parte del corso di architettura e composizione architettonica$fPasquale De Meo 210 $aNapoli$cCUEN$d1987 215 $a138 p.$cill.$d23 cm 300 $aIn testa al frontespizio: Università degli studi di Napoli, Dipartimento di progettazione urbana 610 0 $aComposizione architettonica 610 0 $aArchitettura 676 $a720 700 1$aDe Meo,$bPasquale$f<1927-1986>$0332293 801 0$aIT$bUNINA$gRICA$2UNIMARC 901 $aBK 912 $a990000067390403321 952 $a04 250-166$bDIC ingr. 2683$fDINCH 952 $a1508 sez. Andriello$b1508$fDARPU 952 $a1302 sez. Andriello$b1302$fDARPU 952 $a01 E II 13$b00414$fDINST 952 $a00 L3144$b6113$fDETEC 952 $aB 197 CAN$b217/76$fDARPU 952 $a13 E 02 09$b1968$fFINBC 952 $aARCH B 1334$b5716$fFARBC 952 $a30.711$b8592$fDARST 952 $aARCH B 2366$b18902$fFARBC 952 $aGIU 157$b161/2015$fDARPU 952 $aCAN 105$bs.i.$fDINST 959 $aDINCH 959 $aFINBC 959 $aFARBC 959 $aDARST 959 $aDARPU 959 $aDINST 959 $aDETEC 996 $aArchitettura: ragioni della teoria e percorsi del progetto$9111199 997 $aUNINA LEADER 01933nam0 22004453i 450 001 VAN00285945 005 20250402030900.782 017 70$2N$a9783031373138 100 $a20250130d2023 |0itac50 ba 101 $aeng 102 $aCH 105 $a|||| ||||| 181 $ai$b e 182 $ab 183 $acr 200 1 $aAdvances in Mechanics$eCurrent Research Results of the NAS of Ukraine$fAleksander N. Guz ... [et al.] editors 210 $aCham$cSpringer$d2023 215 $axxix, 556 p.$cill.$d24 cm 410 1$1001VAN00107736$12001 $aAdvanced Structured Materials$1210 $aHeidelberg$cSpringer$d2010-$v191 606 $a70-XX$xMechanics of particles and systems [MSC 2020]$3VANC021390$2MF 606 $a74-XX$xMechanics of deformable solids [MSC 2020]$3VANC022466$2MF 606 $a74Axx$xGeneralities, axiomatics, foundations of continuum mechanics of solids [MSC 2020]$3VANC021919$2MF 610 $aAnisotropic Structures$9KW:K 610 $aComposite materials$9KW:K 610 $aFracture mechanics$9KW:K 610 $aNonhomogeneous Structures$9KW:K 610 $aSolid mechanics$9KW:K 620 $aCH$dCham$3VANL001889 702 1$aGuz$bAleksander N.$3VANV199379$4340 712 $aSpringer $3VANV108073$4650 790 1$aGuz, A. N.$zGuz, Aleksander N.$3VANV199380 790 1$aGuz, A.N.$zGuz, Aleksander N.$3VANV201150 801 $aIT$bSOL$c20250404$gRICA 856 4 $uhttps://doi.org/10.1007/978-3-031-37313-8$zE-book ? Accesso al full-text attraverso riconoscimento IP di Ateneo, proxy e/o Shibboleth 899 $aBIBLIOTECA DEL DIPARTIMENTO DI MATEMATICA E FISICA$1IT-CE0120$2VAN08 912 $fN 912 $aVAN00285945 950 $aBIBLIOTECA DEL DIPARTIMENTO DI MATEMATICA E FISICA$d08DLOAD e-Book 10503 $e08eMF10503 20250212 996 $aAdvances in Mechanics$93578345 997 $aUNICAMPANIA